000 01118nam a22002417a 4500
005 20100712121035.0
008 100712t xxu||||| |||| 00| 0 hin d
010 _aHIN-89677
020 _a9788173158131
_c200.00
035 _aHN-62023
037 _bDBAD / PUB
040 _aDPL
_bHN
082 _a355
100 _aउम्मन, टी.के.
_926294
245 _aसुरक्षाः एक नया दृष्टिकोण /
_cटी.के.उम्मन; बी.के.सिन्हा द्वारा अनुदित
246 _aSuraksha:ek naya Drishtikon
_bby T.K. Oommen
260 _aनई दिल्ली
_bप्रभात प्रकाशन
_c2010
270 _a4/19 आसफ अली रोड
_bनई दिल्ली
_e110002
300 _a151पृ
_c22सेमी (सजिल्द)
700 _aसिन्हा, बी.के.
_926295
942 _2ddc
_cHN
_mउम्मन
_h355
999 _c36913
_d36913